LEADER 00979nam a2200205 i 4500 001 000000243868 003 CaOOAMICUS 005 20150723000000.0 008 150723s1750 xx u000 u fre u 013 $a222773 026 $a5.it too- .&8. pele (3) 1750 (R) 040 $aSeMil$bita 245 10$aTome 3. Première partie. Des obligations que la religion nous prescrit à l'égard de nous-mêmes. 300 $a[2], 298, [2] p. 773 0 $tDevoirs des chrétiens. Ouvrage, où l'on explique les obligations que la religion nous prescrit, à l'égard de Dieu, du prochain, & de nous-mêmes. Tome 1. [-4.].$dA Toulouse : Chez François Henault, 1750.$g3$w()32254 850 $aSeMil 852 $aSeMil$W1$xVenegono$y1$m3F III 243 FA$j194214$B194214$CSeMilBibl$Z2$F204824 $8I 941 1 $a10 961 $aRecupero: Mantegazza 996 $6245$aTome 3. Première partie. Des obligations que la religion nous prescrit à l'égard de nous-mêmes$9(OLS)http://semarc/title/345820 LEADER 01108nam a2200253 4500 001 000000334432 003 CaOOAMICUS 005 20190821102349.0 008 190627s2016 it 000 u ita r 020 $a978-88-215-9954-5 040 $aSeMil$bita 100 1 $aCarello, Rosario,$d<1973- >.$0(OLS)http://semarc/name/109789 245 14$aGli abbracci di Francesco :$bquando il Papa chiama al telefono /$cRosario Carello. 264 1$aCinisello Balsamo :$bSan Paolo,$c2016. 300 $a141 p. ;$c21 cm. 500 $aAllegato a Famiglia Cristiana e a Credere 600 04$aFrancesco I .$0(OLS)http://semarc/subject/15916 850 $aSeMil 852 $aSeMil$W1$xVenegono$y1$m2A II 613$j215412$B226665$CSeMilBibl$Z2$F226665 $81 961 $aAntonelli don Mario - Omaggio 996 $6020$a978-88-215-9954-5$9(OLS)http://semarc/number/287754 996 $6245$aGli abbracci di Francesco :$bquando il Papa chiama al telefono$9(OLS)http://semarc/title/424112 996 $6264$aCinisello Balsamo :$bSan Paolo$9(OLS)http://semarc/publisher/30129